| 000 | 00720nam a2200193 i 4500 | ||
|---|---|---|---|
| 001 | 64897 | ||
| 003 | ES-MaACL | ||
| 005 | 20230906165239.0 | ||
| 007 | t| | ||
| 008 | 040107s1909 sp ||||1| spa d | ||
| 100 | 1 |
_aForteza Rey, José. _951866 |
|
| 245 | 1 | 3 |
_aLa bilis _b: estudio químico-biológico de la bilis y de sus principales métodos de investigación / _cJosé Forteza Rey ; prólogo de Gabriel Romero Landa. |
| 260 |
_aMadrid : _b[s.n.], _c1909 ( _fImp. Ibérica) |
||
| 300 |
_a142 p. ; _c24 cm. |
||
| 500 | _aPrecede al tít.: Precede al tít.: Facultad de Farmacia.- Tesis del Doctorado. | ||
| 650 | 4 |
_aBilis. _9150829 |
|
| 700 | 1 |
_aRomero Landa, Gabriel Arturo. _999401 |
|
| 852 |
_aES-MaACL _jT-1137-F-6 |
||
| 999 |
_c64897 _d64897 |
||